[Event "Valby K41 Spring-B"]
[Site "Valby"]
[Date "2011.05.03"]
[Round "6"]
[White "Abildgaard, Kenneth"]
[Black "Christensen, Esben"]
[Result "1-0"]
[WhiteElo "1935"]
[BlackElo "2020"]
[PlyCount "101"]
[EventDate "2011.03.15"]
[EventType "tourn"]
[EventRounds "7"]
[EventCountry "DEN"]
[SourceTitle "EXT 2023"]
[Source "ChessBase"]
[SourceDate "2022.10.05"]
[SourceVersion "1"]
[SourceVersionDate "2022.10.05"]
[SourceQuality "1"]

1. d4 Nf6 2. Nc3 d5 3. f4 e6 4. Nf3 c5 5. g3 Nc6 6. Bg2 cxd4 7. Nxd4 Bc5 8. Be3 Qb6 9. Ncb5 a6 10. Nxe6 fxe6 11. Bxc5 Qxb5 12. Ba3 Kf7 13. 0-0 Qb6+ 14. Kh1 Ng4 15. e4 Nf2+ 16. Rxf2 Qxf2 17. exd5 Nd8 18. Qh5+ g6 19. Qh4 Kg7 20. Be7 Nf7 21. Qf6+ Kg8 22. dxe6 Bxe6 23. Qxe6 Qxc2 24. Bd5 Qf5 25. Qxf5 gxf5 26. Bf6 Kf8 27. Bxh8 Nxh8 28. Bxb7 Ra7 29. Bc8 Rf7 30. Bxa6 Ng6 31. Rd1 Rc7 32. Rd2 Ne7 33. b3 Ng8 34. Rd8+ Kg7 35. Bc4 Nf6 36. a4 Re7 37. a5 Ng4 38. Kg2 Ra7 39. Rg8+ Kf6 40. Rf8+ Kg6 41. Rg8+ Kf6 42. Rxg4 fxg4 43. a6 Ke7 44. h3 h5 45. hxg4 hxg4 46. Kf2 Kd6 47. Ke3 Kc5 48. f5 Kd6 49. f6 Ke5 50. f7 Ra8 51. b4 1-0

[Event "Valby K41 Autumn-B"]
[Site "Valby"]
[Date "2010.10.26"]
[Round "7"]
[White "Bruun, Esben Wilson"]
[Black "Abildgaard, Kenneth"]
[Result "0-1"]
[WhiteElo "1928"]
[BlackElo "1943"]
[PlyCount "104"]
[EventDate "2010.09.07"]
[EventType "tourn"]
[EventRounds "7"]
[EventCountry "DEN"]
[SourceTitle "EXT 2023"]
[Source "ChessBase"]
[SourceDate "2022.10.05"]
[SourceVersion "1"]
[SourceVersionDate "2022.10.05"]
[SourceQuality "1"]

1. Nf3 Nf6 2. g3 g6 3. b3 Bg7 4. Bb2 0-0 5. Bg2 Nc6 6. 0-0 d5 7. c4 Be6 8. d3 d4 9. b4 Nxb4 10. Nxd4 Bc8 11. a3 c5 12. axb4 cxd4 13. Na3 a6 14. Nc2 e5 15. Ra5 Ng4 16. e3 dxe3 17. Nxe3 Nxe3 18. fxe3 b6 19. Rd5 Qe7 20. Qa1 Bb7 21. Bxe5 f6 22. Bd4 Kh8 23. Bxb6 Bxd5 24. Bc5 Qe8 25. Bxd5 Rc8 26. e4 f5 27. Qxa6 Rf6 28. Qb7 fxe4 29. Re1 Rxc5 30. bxc5 Qf8 31. Qa8 Qxa8 32. Bxa8 exd3 33. c6 Rf8 34. Bb7 Bd4+ 35. Kg2 Bb6 36. Rd1 Rf2+ 37. Kh3 d2 38. Ba6 Kg7 39. Kg4 h5+ 40. Kh3 Bc7 41. Bc8 Kh6 42. Bd7 g5 43. Be6 g4+ 44. Bxg4 hxg4+ 45. Kxg4 Rxh2 46. Kf3 Kg5 47. g4 Bf4 48. Ke4 Re2+ 49. Kd5 Re7 50. c5 Kxg4 51. Rxd2 Bxd2 52. Kd6 Rg7 0-1

[Event "Taastrup Quick Weekend 12th B1"]
[Site "Taastrup"]
[Date "2010.10.02"]
[Round "2"]
[White "Abildgaard, Kenneth"]
[Black "Hansen, Rasmus Agertoft"]
[Result "0-1"]
[WhiteElo "1943"]
[BlackElo "1878"]
[PlyCount "74"]
[EventDate "2010.10.01"]
[EventType "tourn"]
[EventRounds "5"]
[EventCountry "DEN"]
[SourceTitle "EXT 2023"]
[Source "ChessBase"]
[SourceDate "2022.10.05"]
[SourceVersion "1"]
[SourceVersionDate "2022.10.05"]
[SourceQuality "1"]

1. c4 Nf6 2. g3 g6 3. Bg2 Bg7 4. Nc3 0-0 5. f4 d6 6. Nf3 Na6 7. d4 c5 8. d5 Nc7 9. 0-0 a6 10. a4 Rb8 11. a5 b5 12. axb6 Na8 13. e4 Nxb6 14. Qe2 Qc7 15. e5 Nh5 16. Re1 Bh8 17. Ng5 h6 18. g4 Ng7 19. Nh3 dxe5 20. fxe5 h5 21. gxh5 Nxh5 22. Nf2 Nxc4 23. Qxc4 Bxe5 24. Rxe5 Qxe5 25. Nd3 Qg7 26. Qxc5 Bf5 27. Nf2 Qe5 28. Be3 Rxb2 29. Bd4 Qf4 30. Rxa6 Rc8 31. Rc6 Ra8 32. Rc7 Ra1+ 33. Ncd1 Rxd1+ 34. Nxd1 Rxg2+ 35. Kxg2 Bh3+ 36. Kh1 Qf1+ 37. Bg1 Bg2# 0-1

[Event "Valby K41 Spring-B"]
[Site "Valby"]
[Date "2010.04.27"]
[Round "6"]
[White "Moller, Arne Vagn"]
[Black "Abildgaard, Kenneth"]
[Result "0-1"]
[WhiteElo "1809"]
[BlackElo "1816"]
[PlyCount "60"]
[EventDate "2010.03.09"]
[EventType "tourn"]
[EventRounds "7"]
[EventCountry "DEN"]
[SourceTitle "EXT 2023"]
[Source "ChessBase"]
[SourceDate "2022.10.05"]
[SourceVersion "1"]
[SourceVersionDate "2022.10.05"]
[SourceQuality "1"]

1. e4 e5 2. Nf3 Nf6 3. Nc3 Nc6 4. Bb5 Nd4 5. Ba4 Nxf3+ 6. Qxf3 Bc5 7. 0-0 b6 8. d3 h6 9. Be3 Bxe3 10. fxe3 Qe7 11. Nb5 Qb4 12. Nxc7+ Kd8 13. Nd5 Nxd5 14. exd5 Qxa4 15. Qxf7 Qg4 16. d6 Re8 17. e4 Qe6 18. Qxg7 Qxd6 19. Rf6 Re6 20. Rf8+ Kc7 21. Qh8 Qc5+ 22. Kh1 Qxc2 23. Raf1 Qc6 24. h3 Bb7 25. Rxa8 Bxa8 26. Rf8 Bb7 27. Rb8 Qc1+ 28. Kh2 Qg5 29. Rg8 Qf4+ 30. Kh1 Rc6 0-1

[Event "Taastrup Quick Weekend 11th B1"]
[Site "Taastrup"]
[Date "2010.04.17"]
[Round "3"]
[White "Holst, Lasse"]
[Black "Abildgaard, Kenneth"]
[Result "1/2-1/2"]
[WhiteElo "1831"]
[BlackElo "1854"]
[PlyCount "99"]
[EventDate "2010.04.16"]
[EventType "tourn"]
[EventRounds "5"]
[EventCountry "DEN"]
[SourceTitle "EXT 2023"]
[Source "ChessBase"]
[SourceDate "2022.10.05"]
[SourceVersion "1"]
[SourceVersionDate "2022.10.05"]
[SourceQuality "1"]

1. c4 c5 2. g3 g6 3. Nc3 Nc6 4. Bg2 Bg7 5. Nf3 Nf6 6. d4 cxd4 7. Nxd4 0-0 8. 0-0 Nxd4 9. Qxd4 d6 10. Qd3 Rb8 11. Be3 a6 12. Ba7 Ra8 13. Bd4 Rb8 14. e4 b6 15. Rad1 Bb7 16. Rfe1 Nd7 17. Bxg7 Kxg7 18. Qd4+ Kg8 19. f4 Nc5 20. Nd5 Ne6 21. Qxb6 Bxd5 22. Qxd8 Rfxd8 23. exd5 Nc5 24. b3 a5 25. Rxe7 a4 26. bxa4 Nxa4 27. Rde1 Rbc8 28. Bf1 Nb6 29. Rc1 Nxd5 30. Ra7 Ne3 31. Ra3 Nxf1 32. Kxf1 Rc5 33. Rac3 Rdc8 34. Ke2 d5 35. Kd3 dxc4+ 36. Rxc4 Rd8+ 37. Ke3 Re8+ 38. Kf3 Ra5 39. Rc8 Ra3+ 40. Kg4 h5+ 41. Kg5 Rxc8 42. Rxc8+ Kg7 43. Rc2 Ra5+ 44. Kh4 Kf6 45. Kh3 Kf5 46. Re2 Ra3 47. Kg2 h4 48. Kh3 g5 49. fxg5 Kxg5 50. Rb2 1/2-1/2

[Event "Valby K41 Spring-B"]
[Site "Valby"]
[Date "2010.04.13"]
[Round "5"]
[White "Abildgaard, Kenneth"]
[Black "Christensen, Lars1"]
[Result "0-1"]
[WhiteElo "1816"]
[BlackElo "1711"]
[PlyCount "104"]
[EventDate "2010.03.09"]
[EventType "tourn"]
[EventRounds "7"]
[EventCountry "DEN"]
[SourceTitle "EXT 2023"]
[Source "ChessBase"]
[SourceDate "2022.10.05"]
[SourceVersion "1"]
[SourceVersionDate "2022.10.05"]
[SourceQuality "1"]

1. e4 c6 2. c4 d5 3. Nc3 dxe4 4. Nxe4 Nd7 5. d4 Ngf6 6. Bd3 Nxe4 7. Bxe4 Nf6 8. Bf3 Bf5 9. g4 Be4 10. g5 Bxf3 11. Qxf3 Nd7 12. Ne2 Nb6 13. Qb3 e6 14. c5 Qd5 15. Qxd5 Nxd5 16. Bd2 Be7 17. a4 Kd7 18. b4 a6 19. 0-0 h6 20. f4 f6 21. gxh6 gxh6 22. f5 Rag8+ 23. Kh1 h5 24. Rae1 exf5 25. Ng3 Rg4 26. Nxf5 Rh7 27. h3 Rg6 28. Re4 Bd8 29. Rg1 Rxg1+ 30. Kxg1 Bc7 31. Kf2 Ne7 32. Nxe7 Rxe7 33. Rh4 Rh7 34. Kf3 f5 35. Bf4 Bd8 36. Kg3 Bxh4+ 37. Kxh4 Ke6 38. Kg5 Rd7 39. Be5 Rf7 40. Bf4 Kd5 41. Kg6 Rf8 42. Kxh5 Ke4 43. Bg3 f4 44. Bf2 Rg8 45. d5 Kxd5 46. h4 f3 47. Kh6 Rg2 48. Be1 f2 49. Bxf2 Rxf2 50. h5 Kc4 51. Kh7 Kxb4 52. h6 Rh2 0-1

[Event "Valby K41 op 0910"]
[Site "Valby"]
[Date "2010.03.02"]
[Round "9"]
[White "Munk, Poul N"]
[Black "Abildgaard, Kenneth"]
[Result "1/2-1/2"]
[WhiteElo "1861"]
[BlackElo "1843"]
[PlyCount "85"]
[EventDate "2009.11.03"]
[EventType "swiss"]
[EventRounds "9"]
[EventCountry "DEN"]
[SourceTitle "EXT 2018"]
[Source "ChessBase"]
[SourceDate "2017.10.13"]
[SourceVersion "1"]
[SourceVersionDate "2017.10.13"]
[SourceQuality "1"]

1. c4 c5 2. Nc3 Nc6 3. g3 g6 4. Bg2 Bg7 5. Nf3 Nf6 6. 0-0 0-0 7. d4 cxd4 8. Nxd4 Nxd4 9. Qxd4 d6 10. Qd3 Rb8 11. Bd2 Be6 12. Rac1 Nd7 13. b3 f5 14. Rfd1 b6 15. Nd5 Ne5 16. Qb1 Bd7 17. Bc3 Rf7 18. Qa1 e6 19. Nb4 Qf8 20. f4 Ng4 21. Bxg7 Rxg7 22. Qc3 b5 23. Nc6 Bxc6 24. Bxc6 Rc7 25. cxb5 Rxb5 26. Qc4 Rd5 27. Bxd5 Rxc4 28. Bxe6+ Kg7 29. Bxc4 Qd8 30. Rc3 Qb6+ 31. e3 Nxe3 32. Rxe3 Qxe3+ 33. Kg2 Qe4+ 34. Kg1 Qc6 35. a4 h5 36. Rd5 Kf6 37. h4 Qb6+ 38. Kg2 Qb7 39. Kg1 Ke7 40. Kf2 Qb4 41. Kg2 Qb6 42. Rd3 Kf6 43. Rd5 1/2-1/2

[Event "Valby K41 op 0910"]
[Site "Valby"]
[Date "2010.01.05"]
[Round "4"]
[White "Abildgaard, Kenneth"]
[Black "Nielsen, Michael1"]
[Result "0-1"]
[WhiteElo "1843"]
[BlackElo "2053"]
[PlyCount "64"]
[EventDate "2009.11.03"]
[EventType "swiss"]
[EventRounds "9"]
[EventCountry "DEN"]
[SourceTitle "EXT 2018"]
[Source "ChessBase"]
[SourceDate "2017.10.13"]
[SourceVersion "1"]
[SourceVersionDate "2017.10.13"]
[SourceQuality "1"]

1. e4 c5 2. c4 Nc6 3. Nc3 d6 4. b3 e5 5. Bd3 Nge7 6. Nd5 Nxd5 7. exd5 Nd4 8. Bb2 Qg5 9. Be4 f5 10. h4 Qh6 11. Bf3 Be7 12. d3 0-0 13. g3 Qf6 14. Bxd4 cxd4 15. Qd2 e4 16. dxe4 fxe4 17. Bxe4 Qe5 18. f3 Qxg3+ 19. Qf2 Qe5 20. Qh2 Rf4 21. Ne2 Rxe4 22. fxe4 Qxe4 23. 0-0-0 Bf5 24. Nxd4 Qb1+ 25. Kd2 Qd3+ 26. Ke1 Bxh4+ 27. Qxh4 Re8+ 28. Ne6 Qe3+ 29. Kf1 Qf3+ 30. Ke1 Bxe6 31. Qxh7+ Kf8 32. Rf1 Bf5+ 0-1

[Event "Valby K41 Aabent-ch 0809"]
[Site "Valby"]
[Date "2009.03.03"]
[Round "9"]
[White "Jorgensen, Kasper Moller"]
[Black "Abildgaard, Kenneth"]
[Result "0-1"]
[WhiteElo "1932"]
[BlackElo "1796"]
[PlyCount "104"]
[EventDate "2008.11.11"]
[EventType "swiss"]
[EventRounds "9"]
[EventCountry "DEN"]
[SourceTitle "EXT 2023"]
[Source "ChessBase"]
[SourceDate "2022.10.05"]
[SourceVersion "1"]
[SourceVersionDate "2022.10.05"]
[SourceQuality "1"]

1. e4 e5 2. Nf3 Nf6 3. Nxe5 d6 4. Nf3 Nxe4 5. Nc3 Nxc3 6. dxc3 Be7 7. Be3 Nc6 8. Qd2 Ne5 9. Nd4 Bd7 10. 0-0-0 Nc6 11. Re1 0-0 12. h4 Bxh4 13. Bd3 f5 14. g4 Ne5 15. g5 c5 16. Nb3 Bc6 17. Rxh4 Nf3 18. Qe2 Nxh4 19. Qh5 Ng6 20. f3 Qe8 21. Qh3 Nf4 22. Bc4+ d5 23. Qf1 dxc4 24. Bxf4 Qf7 25. Nxc5 Rfe8 26. Rd1 Rad8 27. Bd6 b6 28. Na6 Bd5 29. Bf4 Bb7 30. Nc7 Rxd1+ 31. Qxd1 Rc8 32. Nb5 Qd5 33. Qxd5+ Bxd5 34. Nd6 Rf8 35. Kd2 Bxf3 36. Ke3 Bd1 37. Kd2 Bh5 38. Ke3 Be8 39. Kd4 b5 40. Kc5 a6 41. Kb6 Bd7 42. a3 h6 43. gxh6 g6 44. Kc7 Be6 45. Kb6 Ra8 46. Kb7 Bd5+ 47. Kc7 Kh7 48. Kb6 Be4 49. Nb7 g5 50. Be5 Bxb7 51. Kxb7 Re8 52. Bd4 Re6 0-1

[Event "Valby K41 Aabent-ch 0809"]
[Site "Valby"]
[Date "2008.11.11"]
[Round "1"]
[White "Jorgensen, Orla Eilegaard"]
[Black "Abildgaard, Kenneth"]
[Result "0-1"]
[WhiteElo "1390"]
[BlackElo "1796"]
[PlyCount "149"]
[EventDate "2008.11.11"]
[EventType "swiss"]
[EventRounds "9"]
[EventCountry "DEN"]
[SourceTitle "EXT 2023"]
[Source "ChessBase"]
[SourceDate "2022.10.05"]
[SourceVersion "1"]
[SourceVersionDate "2022.10.05"]
[SourceQuality "1"]

1. c4 e5 2. Nc3 Nf6 3. d3 Nc6 4. a3 Bc5 5. g3 b6 6. Bg2 Bb7 7. b4 Be7 8. Nf3 Qc8 9. e3 a6 10. Bb2 Nd8 11. 0-0 d6 12. Re1 0-0 13. a4 Ne6 14. Bh3 Qd8 15. Bg2 Ra7 16. b5 a5 17. Qc2 Qa8 18. e4 c6 19. bxc6 Bxc6 20. Nb5 Bxb5 21. cxb5 Rc7 22. Qe2 Rfc8 23. Rec1 Nc5 24. Qd1 Nfd7 25. Bh3 f6 26. Nh4 g6 27. f4 exf4 28. gxf4 f5 29. Nxf5 gxf5 30. Bxf5 Nf6 31. Bxc8 Qxc8 32. f5 Kf7 33. Bxf6 Bxf6 34. Qh5+ Kf8 35. Ra2 Nxd3 36. Qh6+ Ke8 37. Rxc7 Bd4+ 38. Kf1 Qxc7 39. Qe6+ Kf8 40. Qh6+ Bg7 41. Qd2 Nb4 42. Ra3 Qc4+ 43. Kf2 Qc5+ 44. Kf3 Nc2 45. Rd3 Nd4+ 46. Kg2 Qb4 47. Qc1 Qc5 48. Rc3 Qe5 49. Rc8+ Kf7 50. Qc7+ Kf6 51. Qd8+ Qe7 52. Qxe7+ Kxe7 53. Rc7+ Kf6 54. Rb7 Bh6 55. Rxb6 Ke5 56. Ra6 Bd2 57. f6 Kxf6 58. Rxd6+ Ke5 59. Rd7 h6 60. b6 Kxe4 61. b7 Bf4 62. Rh7 Nc6 63. Kh3 Kd5 64. Kg4 Bxh2 65. Rxh6 Bd6 66. Rh5+ Ke6 67. Rb5 Kd7 68. Rd5 Ke6 69. Rb5 Bb8 70. Rb6 Kd7 71. Kf3 Bc7 72. Rb5 Nb8 73. Rd5+ Kc6 74. Rf5 Kxb7 75. Rb5+ 0-1

[Event "Valby K41 Autumn-B"]
[Site "Valby"]
[Date "2008.09.16"]
[Round "2"]
[White "Abildgaard, Kenneth"]
[Black "Hansen, Frank"]
[Result "1-0"]
[WhiteElo "1712"]
[BlackElo "1567"]
[PlyCount "45"]
[EventDate "2008.09.09"]
[EventType "tourn"]
[EventRounds "7"]
[EventCountry "DEN"]
[SourceTitle "EXT 2023"]
[Source "ChessBase"]
[SourceDate "2022.10.05"]
[SourceVersion "1"]
[SourceVersionDate "2022.10.05"]
[SourceQuality "1"]

1. c4 g6 2. g3 Bg7 3. Bg2 Nf6 4. Nc3 d6 5. d4 Nc6 6. Nf3 0-0 7. 0-0 Bg4 8. h3 Be6 9. d5 Bd7 10. dxc6 bxc6 11. Be3 e5 12. Qd2 Re8 13. Bh6 Bh8 14. Bg5 Qc8 15. Kh2 Rb8 16. b3 Nh5 17. e4 Ng7 18. Bf6 Re6 19. Bxg7 Bxg7 20. Rad1 h6 21. Nh4 Qa6 22. Na4 c5 23. Nxc5 1-0

[Event "Valby K41 Spring-B"]
[Site "Valby"]
[Date "2008.04.22"]
[Round "4"]
[White "Abildgaard, Kenneth"]
[Black "Krogh, Soren"]
[Result "1-0"]
[WhiteElo "1617"]
[BlackElo "1173"]
[PlyCount "93"]
[EventDate "2008.03.25"]
[EventType "swiss"]
[EventRounds "7"]
[EventCountry "DEN"]
[SourceTitle "EXT 2023"]
[Source "ChessBase"]
[SourceDate "2022.10.05"]
[SourceVersion "1"]
[SourceVersionDate "2022.10.05"]
[SourceQuality "1"]

1. c4 b6 2. g3 Bb7 3. Nf3 e6 4. Bg2 f5 5. 0-0 Nf6 6. Nc3 Bb4 7. d3 0-0 8. Bd2 Na6 9. Rc1 Qe8 10. a3 Be7 11. b4 Qh5 12. h3 c5 13. b5 Nc7 14. Bf4 Nce8 15. e3 d6 16. d4 Ne4 17. Nxe4 fxe4 18. g4 Qg6 19. Nh2 Bf6 20. dxc5 bxc5 21. Qc2 Rf7 22. Rfd1 e5 23. Bg3 Rd7 24. h4 h5 25. g5 Be7 26. Bxe5 Rad8 27. Bf4 Nc7 28. Nf1 Ne6 29. Ng3 d5 30. cxd5 Bxd5 31. Rxd5 Rxd5 32. Bxe4 Qe8 33. Bxd5 Rxd5 34. Qe4 Qd7 35. Nxh5 Kh8 36. Ng3 Rd3 37. Nf5 Nxf4 38. Qxf4 Rxa3 39. Nxe7 Qxe7 40. g6 Qe6 41. Qf8+ Qg8 42. Qxg8+ Kxg8 43. Rxc5 Kf8 44. Rf5+ Kg8 45. Kg2 a5 46. b6 Rb3 47. Rxa5 1-0

[Event "Valby K41 Spring-B"]
[Site "Valby"]
[Date "2008.04.08"]
[Round "3"]
[White "Abildgaard, Kenneth"]
[Black "Petersen, Jan Han Il Nam"]
[Result "1-0"]
[WhiteElo "1617"]
[BlackElo "1610"]
[PlyCount "111"]
[EventDate "2008.03.25"]
[EventType "swiss"]
[EventRounds "7"]
[EventCountry "DEN"]
[SourceTitle "EXT 2023"]
[Source "ChessBase"]
[SourceDate "2022.10.05"]
[SourceVersion "1"]
[SourceVersionDate "2022.10.05"]
[SourceQuality "1"]

1. c4 Nf6 2. Nf3 g6 3. g3 d5 4. Bg2 Bg7 5. 0-0 0-0 6. cxd5 Nxd5 7. Nc3 c6 8. Qc2 e5 9. d3 h6 10. Bd2 Be6 11. Ne4 Nd7 12. Qc1 Kh7 13. Nc5 Nxc5 14. Qxc5 Qd7 15. Rac1 f5 16. Rc2 f4 17. Rfc1 Bh3 18. Ne1 Bxg2 19. Nxg2 Qh3 20. d4 Rf5 21. Nh4 fxg3 22. fxg3 Rg5 23. Bxg5 hxg5 24. Nf3 Bf6 25. dxe5 Bd8 26. Rc4 g4 27. Qf2 gxf3 28. Qxf3 Bb6+ 29. Kh1 Kg7 30. Rf1 Qe6 31. Rh4 Ne3 32. Qf6+ Qxf6 33. exf6+ Kf7 34. Rf3 Rd8 35. Rh7+ Kg8 36. Rg7+ Kh8 37. h4 Rd1+ 38. Kh2 Ng4+ 39. Kh3 Nxf6 40. Rxg6 Rh1+ 41. Kg2 Rg1+ 42. Kh3 Rh1+ 43. Kg2 Rg1+ 44. Kh2 Ne4 45. Re6 Nd2 46. Rd3 Nf1+ 47. Kh3 Kg7 48. Re7+ Kf6 49. Rxb7 Be3 50. Rxe3 Nxe3 51. Kh2 Rg2+ 52. Kh3 Rxe2 53. Rxa7 Nf1 54. Ra3 Kg6 55. Rc3 Kf5 56. Rf3+ 1-0

[Event "Valby K41 op 0607"]
[Site "Valby"]
[Date "2007.02.06"]
[Round "7"]
[White "Nielsen, Michael1"]
[Black "Abildgaard, Kenneth"]
[Result "1-0"]
[WhiteElo "2043"]
[BlackElo "1470"]
[PlyCount "71"]
[EventDate "2006.11.14"]
[EventType "swiss"]
[EventRounds "9"]
[EventCountry "DEN"]
[SourceTitle "EXT 2018"]
[Source "ChessBase"]
[SourceDate "2017.10.13"]
[SourceVersion "1"]
[SourceVersionDate "2017.10.13"]
[SourceQuality "1"]

1. d4 Nf6 2. Bg5 e6 3. e4 Be7 4. Bd3 Nc6 5. c3 h6 6. Bxf6 Bxf6 7. e5 Be7 8. Qg4 g5 9. h4 h5 10. Qg3 g4 11. Nd2 d6 12. f4 b6 13. 0-0-0 Bb7 14. f5 dxe5 15. fxe6 fxe6 16. Bg6+ Kd7 17. d5 exd5 18. Bf5+ Ke8 19. Bg6+ Kd7 20. Bxh5 Kc8 21. Bxg4+ Kb8 22. h5 Bg5 23. Kb1 Bf4 24. Qh3 Ne7 25. Ne2 Bh6 26. Nc4 Bg7 27. Rhf1 Qg8 28. Ne3 Rh6 29. Ng3 Qh7+ 30. Ka1 Rf6 31. Ngf5 Bh6 32. Qh4 Nxf5 33. Qxf6 Bxe3 34. Qd8+ Bc8 35. Bxf5 Kb7 36. Bxh7 1-0

[Event "Valby K41 op 0607"]
[Site "Valby"]
[Date "2007.01.09"]
[Round "5"]
[White "Abildgaard, Kenneth"]
[Black "Walli, Aqil Raad"]
[Result "1/2-1/2"]
[WhiteElo "1470"]
[BlackElo "1631"]
[PlyCount "153"]
[EventDate "2006.11.14"]
[EventType "swiss"]
[EventRounds "9"]
[EventCountry "DEN"]
[SourceTitle "EXT 2018"]
[Source "ChessBase"]
[SourceDate "2017.10.13"]
[SourceVersion "1"]
[SourceVersionDate "2017.10.13"]
[SourceQuality "1"]

1. c4 c5 2. Nf3 Nf6 3. g3 e6 4. d4 cxd4 5. Qxd4 Nc6 6. Qd1 Bc5 7. Bg2 Ng4 8. 0-0 Qb6 9. e3 0-0 10. b3 Rd8 11. Nc3 Bb4 12. Na4 Qc7 13. a3 Be7 14. h3 Nf6 15. Bb2 d5 16. Qc2 Na5 17. Be5 Bd6 18. Bxf6 gxf6 19. c5 b5 20. Nc3 Be7 21. b4 Nc4 22. Nxb5 Qb7 23. Nc3 f5 24. Nd4 Bd7 25. Nxd5 exd5 26. Qxc4 Be6 27. Qd3 Bf6 28. Rac1 Bxd4 29. Qxd4 Qc6 30. Rb1 Rab8 31. Qd3 a6 32. Rfc1 Qb5 33. Bf1 Qxd3 34. Bxd3 Ra8 35. a4 d4 36. Bc4 d3 37. Bxe6 fxe6 38. Rd1 Rd5 39. Rb3 Rad8 40. c6 Kf7 41. Kf1 e5 42. b5 axb5 43. axb5 Rc5 44. Rdxd3 Rxd3 45. Rxd3 Rxb5 46. Rd7+ Kg6 47. Kg2 Rc5 48. c7 e4 49. g4 h6 50. Kg3 Rc2 51. Rd6+ Kg7 52. Rd5 fxg4 53. hxg4 Rxc7 54. Rf5 Rc4 55. Kf4 Kg6 56. Ke5 Ra4 57. Rf4 Kg5 58. f3 Ra5+ 59. Kxe4 Ra4+ 60. Kd3 Rxf4 61. exf4+ Kxf4 62. Ke2 h5 63. gxh5 Kg5 64. Ke3 Kxh5 65. Kf4 Kg6 66. Ke5 Kf7 67. f4 Ke7 68. f5 Kf7 69. Kd4 Kf6 70. Ke4 Kf7 71. Ke5 Ke7 72. Kf4 Kf6 73. Ke4 Ke7 74. Ke5 Kf7 75. Kf4 Kf6 76. Kg4 Kg7 77. Kg5 1/2-1/2

[Event "Copenhagen K41 Aabent-ch 0506"]
[Site "Copenhagen"]
[Date "2005.12.06"]
[Round "3"]
[White "Rubin, Jacob"]
[Black "Abildgaard, Kenneth"]
[Result "1-0"]
[WhiteElo "1745"]
[BlackElo "1560"]
[PlyCount "187"]
[EventDate "2005.11.15"]
[EventType "swiss"]
[EventRounds "9"]
[EventCountry "DEN"]
[SourceTitle "EXT 2023"]
[Source "ChessBase"]
[SourceDate "2022.10.05"]
[SourceVersion "1"]
[SourceVersionDate "2022.10.05"]
[SourceQuality "1"]

1. Nf3 b6 2. Nc3 Bb7 3. e4 Nf6 4. d3 e6 5. a3 d5 6. e5 Nfd7 7. d4 c5 8. Bg5 Be7 9. Bxe7 Qxe7 10. Nb5 0-0 11. Nc7 cxd4 12. Nxa8 Bxa8 13. Bb5 Bc6 14. Be2 Bb7 15. Qxd4 Nc6 16. Qe3 Rc8 17. 0-0 d4 18. Nxd4 Nxd4 19. Qxd4 Qg5 20. f3 Nxe5 21. c3 Rd8 22. h4 Qf6 23. Qe3 Ng6 24. g3 Rd5 25. Rad1 Re5 26. Qf2 Nf8 27. Rd4 g5 28. Rg4 h5 29. hxg5 Qg6 30. Rh4 Rxg5 31. Kh2 e5 32. Rd1 Qf6 33. f4 exf4 34. Rxf4 Qe6 35. Bc4 Bd5 36. Bxd5 Rxd5 37. Rxd5 Qxd5 38. Rf5 Qe6 39. Rxh5 Ng6 40. Rf5 Ne5 41. Qf4 Ng6 42. Qg4 Qd7 43. Qf3 Qd2+ 44. Qf2 Qd7 45. Rg5 Qe7 46. Rg4 Qe6 47. Qf3 Qd7 48. Rd4 Qc7 49. Qa8+ Kg7 50. Qd8 Qe5 51. Qd5 Qe2+ 52. Qg2 Qh5+ 53. Kg1 Ne5 54. g4 Qg5 55. Qe2 Ng6 56. Re4 Qc1+ 57. Kh2 Qh6+ 58. Kg1 Qc1+ 59. Kf2 Qg5 60. Qe3 Qf6+ 61. Ke2 Kh7 62. g5 Qf5 63. Kd2 Qd7+ 64. Rd4 Qf5 65. Kc1 Qf1+ 66. Rd1 Qf5 67. Rh1+ Kg8 68. Qd2 Qe4 69. Re1 Qf5 70. Qd8+ Nf8 71. Qf6 Qd5 72. Kb1 Qd3+ 73. Ka1 Qd7 74. Qe7 Qa4 75. Qe8 Qg4 76. Qe7 Qa4 77. Rh1 Qc6 78. Rf1 Qc4 79. Qf6 Qd5 80. Qf5 Qc4 81. Rh1 Qc6 82. Qh3 Ng6 83. Qh7+ Kf8 84. Rd1 Qc7 85. Qh3 Qf4 86. Qh6+ Ke7 87. Re1+ Kd8 88. Qg7 Kc8 89. Qg8+ Kc7 90. Qa8 Qxg5 91. Qxa7+ Kc6 92. Rd1 Qg4 93. Qa8+ Kc5 94. Qd5# 1-0